Horrible Histories Vicious Vikings/ (Record no. 203363)

MARC details
000 -LEADER
fixed length control field 00522 a2200205 4500
005 - DATE AND TIME OF LATEST TRANSACTION
control field 20240529141358.0
010 ## - LCCN (DPL NO)
LC control number B-759247
020 ## - INTERNATIONAL STANDARD BOOK NUMBER
International Standard Book Number 9789354712616
Terms of availability 295.00
035 ## - SYSTEM CONTROL NUMBER
System control number B-759247
037 ## - SOURCE OF ACQUISITION
Source of stock number/acquisition Gift
082 ## - DEWEY DECIMAL CLASSIFICATION NUMBER
Classification number N
100 ## - MAIN ENTRY--PERSONAL NAME
Personal name Deary, Terry
245 ## - TITLE STATEMENT
Title Horrible Histories Vicious Vikings/
Statement of responsibility, etc Terry Deary
260 ## - PUBLICATION, DISTRIBUTION, ETC. (IMPRINT)
Place of publication, distribution, etc London
Name of publisher, distributor, etc Scholastic
Date of publication, distribution, etc 2022
270 ## - ADDRESS
Address London
City London
300 ## - PHYSICAL DESCRIPTION
Extent 142 p.
Dimensions 19 cm(Pb)
700 ## - ADDED ENTRY--PERSONAL NAME
9 (RLIN) 67043
942 ## - ADDED ENTRY ELEMENTS (KOHA)
Institution code [OBSOLETE] dpl
Item type Children Books
Source of classification or shelving scheme Dewey Decimal Classification
Classification part N
Call number suffix DEA
Holdings
Withdrawn status Lost status Not for loan Collection code Home library Current library Date acquired Source of acquisition Cost, normal purchase price Full call number Barcode Copy number Cost, replacement price Koha item type Public note
      Fiction Ashok Vihar Ashok Vihar 29/05/2024 Gift/28.5.24 295.00 N DEA B-759247 1 295.00 Children Books Gift

© Delhi Public Library
Hit Counter
free hit counter